Finding Noel [sound recording] / Richard Paul Evans.
Record details
- ISBN: 0743555929
- Physical Description: 5 sound discs (approximately 5 hr.) : digital ; 4 3/4 in.
- Edition: Unabridged.
- Publisher: New York : Simon & Schuster Audio, p2006.
Content descriptions
| Participant or Performer Note: | Read by the author. |
Search for related items by subject
| Subject: | Audiobooks. Abandoned children > Fiction. Sisters > Fiction. Christmas stories. |
Available copies
- 1 of 1 copy available at scottsboropl.
Holds
- 0 current holds with 1 total copy.
Other Formats and Editions
Show Only Available Copies
| Location | Call Number / Copy Notes | Barcode | Shelving Location | Status | Due Date |
|---|---|---|---|---|---|
| scottsboropl | BK/CD Eva | 32269000767254 | Adult - Audiobook | Available | - |
| LDR | 00870cim a2200265 a 4500 | ||
|---|---|---|---|
| 001 | 128957 | ||
| 003 | CONS | ||
| 005 | 20140703073304.0 | ||
| 007 | sd fungnnmmneu | ||
| 008 | 060928s2006 nyunnnn f n eng d | ||
| 020 | . | ‡a0743555929 | |
| 024 | 8 | . | ‡z9780743555920 |
| 035 | . | ‡a(CPomAG)LMN498285 | |
| 100 | 1 | . | ‡aEvans, Richard Paul. |
| 245 | 1 | 0. | ‡aFinding Noel ‡h[sound recording] / ‡cRichard Paul Evans. |
| 250 | . | ‡aUnabridged. | |
| 260 | . | ‡aNew York : ‡bSimon & Schuster Audio, ‡cp2006. | |
| 300 | . | ‡a5 sound discs (approximately 5 hr.) : ‡bdigital ; ‡c4 3/4 in. | |
| 511 | 0 | . | ‡aRead by the author. |
| 650 | 0. | ‡aAudiobooks. | |
| 650 | 0. | ‡aAbandoned children ‡vFiction. | |
| 650 | 0. | ‡aSisters ‡vFiction. | |
| 650 | 0. | ‡aChristmas stories. | |
| 959 | . | ‡i32269000767254 ‡lBK/CD Eva ‡aAdult - Audiobook ‡tAudiobook ‡g49.75 | |
| 852 | . | ‡p32269000767254 ‡jBK/CD Eva ‡gAdult - Audiobook ‡cAudiobook ‡y49.75 ‡bSBPL | |
| 901 | . | ‡a128957 ‡bUnknown ‡c128957 ‡tbiblio | |